| 000 | 00943nam a22001937a 4500 | ||
|---|---|---|---|
| 999 |
_c59639 _d59639 |
||
| 003 | Ge_BSU | ||
| 005 | 20230327122217.0 | ||
| 008 | 230327s2022 ge ||||| |||| 00| 0 geo d | ||
| 020 | _a9789941333743 | ||
| 041 | _ageo | ||
| 080 | _a821.352.2.03=353.1 ა-93 | ||
| 245 |
_aაფხაზური ზღაპრები / _cაფხაზურიდან თარგმნა თეიმურაზ გვანცელაძემ; რედაქტორი ქეთევან სიხარულიძე. |
||
| 264 |
_aთბილისი: _bუნივერსალი, _c2022. |
||
| 300 |
_a223 გვ. _b21 სმ. |
||
| 653 | _aაფხაზური ზღაპრები | ||
| 700 |
_aგვანცელაძე, თეიმურაზ _eმთარგმნელი _9291 |
||
| 700 |
_aსიხარულიძე, ქეთევან _eრედაქტორი _915230 |
||
| 942 |
_2udc _cBK |
||